000 01126nam a2200325 a 4500
001 000112679
003 CHAP
005 20250322162306.0
008 160920s2014 mx a |r| ||||||spa d
010 _a109140
011 _a110112
020 _a9786071719744
040 _cCHAP
082 0 4 _a636.5
_bA95 2014
245 1 0 _aAves de corral /
_cBasado en el trabajo de A. Fernán Castellanos Echeverría ; con la colaboración de F. R. Kirchner Salinas ...[y otros seis].
250 _aCuarta edición.
260 _aMéxico, D.F. :
_bTrillas,
_c2014.
300 _a136 p. :
_bil.
490 _aManuales para educación agropecuaria. Producción animal
590 _aE5765TAJ
_b05
_c20160920
590 _aE5765TAJ
_b05
_c20160920
650 1 4 _aAves de corral.
_98636
650 1 4 _aAvicultura
_xCrianza.
_9131092
700 _9152451
_aCastellanos Echevería,Fernán A
_eBasado en el trabajo de.
700 1 _9131124
_aKirchner Salinas, F. R.
_eColaborador.
830 0 _aManuales para educación agropecuaria. Área producción animal (Trillas)
_970694
901 _aBK
942 _cLIBRO
_2ddc
942 _n0
_2ddc
999 _c109140
_d109140